书目信息 |
| 题名: |
西沙群岛和南沙群岛自古以来就是中国的领土
|
|
| 作者: | ;人民出版社 编辑 | |
| 分册: | ||
| 出版信息: | 北京 人民出版社 1981 |
|
| 页数: | 100页 | |
| 开本: | 21cm | |
| 丛书名: | ||
| 单 册: | ||
| 中图分类: | D829.13 | |
| 科图分类: | ||
| 主题词: | 边界问题--国际关系史--中国 | |
| 电子资源: | ||
| ISBN: | ||
| 000 | 00721nam0 2200229 45 | |
| 001 | 0181002515 | |
| 005 | 20060804090253.92 | |
| 010 | @dCNY0.49 | |
| 091 | @a11001.456 | |
| 100 | @a19950311d1981 em y0chiy0121 ea | |
| 101 | 0 | @achi |
| 102 | @aCN@b110000 | |
| 105 | @ay z 000yy | |
| 200 | 10 | @a西沙群岛和南沙群岛自古以来就是中国的领土@Axi sha qun dao he nan sha qun dao zi gu yi lai jiu shi zhong guo de lingtu@f人民出版社编辑@FRen Min Chu Ban She Bian Ji |
| 210 | @a北京@c人民出版社@d1981 | |
| 215 | @a100页@d21cm | |
| 606 | 0 | @a边界问题@x国际关系史@x中国 |
| 690 | @aD829.13@v3 | |
| 711 | 02 | @a人民出版社@4编辑 |
| 801 | 2 | @aCN@bNLC@c20060804 |
| 801 | 0 | @aCN@b上海图书馆@c20040430 |
| 905 | @dD829.13@e43@f1@b220494 | |
| 西沙群岛和南沙群岛自古以来就是中国的领土/人民出版社编辑.-北京:人民出版社,1981 |
| 100页;21cm |
| ISBN :CNY0.49 |
| ● |
| 相关链接 |
|
|
|
|
正题名:西沙群岛和南沙群岛自古以来就是中国的领土
索取号:D829.13/43
 
预约/预借
| 序号 | 登录号 | 条形码 | 馆藏地/架位号 | 状态 | 备注 |
| 1 | 0220493 | 001024073 | 第一借阅区/ [索取号:D829.13/43] | 在馆 | |
| 2 | 0220494 | 001024082 | 第一样本阅览室/ [索取号:D829.13/43] | 在馆 | |
| 3 | 0446796 | 204467969 | 密集书库/ [索取号:D829.13/43] | 在馆 |